[Event "Linares"]
[Site "17"]
[Date "2000.??.??"]
[Round "4"]
[White "Shirov, Alexei"]
[Black "Khalifman, Alexander"]
[Result "1/2-1/2"]
[WhiteElo "2750"]
[BlackElo "2655"]
[Annotator "JvR"]
[PlyCount "40"]
[EventDate "2000.??.??"]

1. e4 e6 2. d4 d5 3. e5 c5 4. c3 Qb6 5. Nf3 Nc6 6. a3 Nh6 7. b4 cxd4 8. cxd4
Nf5 9. Bb2 Be7 10. Bd3 a5 11. Bxf5 exf5 12. Nc3 Be6 13. b5 a4 14. bxc6 {A
novelty sets the board on fire.} Qxb2 15. O-O $6 ({After} 15. Nxa4 Rxa4 16.
cxb7 Qc3+ 17. Nd2 $1 O-O 18. Rb1 Bb4 $1 19. Rxb4 Rxb4 20. axb4 Qxd4 {White has
a positional edge.}) 15... bxc6 $6 {The flame dies quickly.} ({Black gains
matter in} 15... Qxc3 $1 16. cxb7 Rb8 17. Qxa4+ Bd7 18. Qa7 Qc7 19. e6 $1 {
(Psakhis), and now} Bb5 $1 20. Rfb1 Rxb7 21. Qa8+ Bd8 22. exf7+ Kxf7 23. a4 Bc6
24. Ne5+ Qxe5 25. Rxb7+ Bxb7 26. Qxb7+ Qc7 27. Qxd5+ Kg6) 16. Nxa4 Qb5 17. Nc3
Qc4 18. Ne2 O-O 19. Rc1 Qa6 20. Rc3 Rfc8 1/2-1/2

[Event "Linares"]
[Site "17"]
[Date "2000.??.??"]
[Round "5"]
[White "Kasparov, Gary"]
[Black "Lékó, Péter"]
[Result "1/2-1/2"]
[WhiteElo "2850"]
[BlackElo "2725"]
[Annotator "JvR"]
[PlyCount "76"]
[EventDate "2000.??.??"]

1. d4 Nf6 2. Nf3 g6 3. c4 Bg7 4. Nc3 d5 5. Qb3 dxc4 6. Qxc4 O-O 7. e4 a6 8. Be2
b5 9. Qb3 c5 10. dxc5 Bb7 11. O-O Nxe4 12. Nxe4 Bxe4 13. Bg5 Nc6 14. Qe3 Qd5
15. Rad1 Qe6 {A new move leads to exchamges.} 16. Bh6 Bf5 $5 17. Bxg7 Qxe3 18.
fxe3 Kxg7 19. a3 ({Black defends well in} 19. Nd4 Be4 20. Rf4 Nxd4 21. exd4 Bd5
{(Lékó).}) 19... Rfd8 20. b4 Bc2 21. Rxd8 Rxd8 22. Rc1 Be4 ({Lékó avoids} 22...
Bd3 $2 23. Nd4 Rxd4 $2 24. exd4 Bxe2 25. d5 Nd4 26. c6 Bg4 27. Re1 $1 Ne2+ 28.
Rxe2 Bxe2 29. h3 $1 $18) 23. Kf2 Kf6 24. g4 h6 25. h4 Ke6 26. Rd1 Bxf3 $1 27.
Rxd8 Bxe2 28. Rc8 Kd7 29. Rxc6 Kxc6 30. Kxe2 f6 31. Kd3 e6 32. Kd4 g5 $1 33. h5
Kd7 34. e4 Kc6 35. e5 $1 f5 36. gxf5 exf5 37. e6 {High accuracy is needed.} f4
$1 (37... g4 $4 38. Ke5 g3 39. e7 Kd7 40. Kf6 g2 41. c6+ $18) 38. Ke4 (38. Ke5
$4 f3 39. e7 Kd7 40. Kf6 f2 41. c6+ Ke8 42. c7 f1=Q+ $19) 38... Kc7 1/2-1/2

[Event "Linares"]
[Site "17"]
[Date "2000.??.??"]
[Round "5"]
[White "Kramnik, Vladimir"]
[Black "Shirov, Alexei"]
[Result "1-0"]
[WhiteElo "2755"]
[BlackElo "2750"]
[Annotator "JvR"]
[PlyCount "95"]
[EventDate "2000.??.??"]

1. Nf3 d5 2. d4 c6 3. c4 Nf6 4. Nc3 dxc4 5. a4 Bf5 6. Ne5 e6 7. f3 Bb4 8. e4
Bxe4 9. fxe4 Nxe4 10. Bd2 Qxd4 11. Nxe4 Qxe4+ 12. Qe2 Bxd2+ 13. Kxd2 Qd5+ 14.
Kc2 Na6 15. Nxc4 b5 16. axb5 Nb4+ 17. Kc3 cxb5 18. Rd1 Qc5 19. Qe5 Nd5+ 20.
Rxd5 {So far, they follow an analysis by Korchnoi.} b4+ $1 ({Viktor continued
with} 20... Qxd5 21. Nd6+ Kf8 22. Qxd5 exd5 23. Bxb5) 21. Kb3 Qxd5 22. Be2 $1 (
22. Qxg7 Qd1+ 23. Ka2 O-O-O $1 {looks dangerous for White.}) 22... O-O 23. Qxd5
exd5 24. Na5 Rfe8 25. Bf3 Rac8 $5 ({A fine alternative is} 25... Re3+ 26. Ka4
Rd3) 26. Rd1 {Hübner likes Black and Kramnik prefers White in this position.}
Re3+ 27. Ka4 $1 b3 $1 {Shirov chooses the active move.} 28. Rxd5 g6 29. Rd7 Rc2
30. Ka3 Kg7 $5 ({He does not select} 30... a6) 31. Rxa7 h5 32. h3 h4 33. Rb7
Rc5 34. Kb4 Rf5 35. Rc7 $1 g5 36. Nxb3 Rf4+ $2 {Suddenly Shirov stops the
counter-attack.} ({The crucial line is} 36... Rexf3 $1 37. gxf3 Rxf3 38. Rc3 {
(the pointe of move 35)} Rf2 39. Ka3 f5 40. Nd4 g4 41. b4 g3 $1 42. Rc1 g2 43.
Rg1 {(Kramnik)} f4 $1 ({Vladimir continues with} 43... Kf6 $2) 44. b5 (44. Nf5+
Kf6 45. Nxh4 f3 46. b5 Ra2+ $1 47. Kxa2 f2) 44... f3 45. b6 Rf1 46. Nxf3 Rxf3+
47. Kb4 Rf2 48. Kc3 Rf3+ 49. Kd4 Rf4+ 50. Kc5 (50. Ke5 Rb4) 50... Rf5+ 51. Kc6
Rf6+ 52. Kb5 Rf2 $1 53. b7 Kf6 $1 {and Black makes a narrow escape.}) 37. Rc4
Rxc4+ 38. Kxc4 f5 39. Nd4 Kf6 40. b4 Re1 (40... Ke5 41. Nc2 {dominates the
rook.}) 41. b5 Ke5 42. Nc6+ Kd6 43. b6 Rc1+ 44. Kb5 g4 45. b7 Rb1+ 46. Nb4 Kc7
47. hxg4 fxg4 48. Be4 {Blunders supported and plagued Anand in the first cycle.
} 1-0

[Event "Linares"]
[Site "17"]
[Date "2000.??.??"]
[Round "6"]
[White "Anand, Viswanathan"]
[Black "Lékó, Péter"]
[Result "1/2-1/2"]
[WhiteElo "2765"]
[BlackElo "2725"]
[Annotator "JvR"]
[PlyCount "63"]
[EventDate "2000.??.??"]

1. d4 Nf6 2. Nf3 g6 3. c4 Bg7 4. Nc3 d5 5. cxd5 Nxd5 6. e4 Nxc3 7. bxc3 c5 8.
Rb1 O-O 9. Be2 cxd4 10. cxd4 Qa5+ 11. Bd2 Qxa2 12. O-O Nd7 13. Re1 Nb6 14. Ra1
({Known is} 14. h3 Bd7 15. Ra1 {from Chernin-Lékó, Budapest 1997.}) 14... Qb2
15. h3 f5 $5 16. Rb1 ({Lékó prefers} 16. Bd3 $1) 16... Qa2 {Black has played ..
f5 instead of ..Bd7, compared to the mentioned game.} 17. Qc1 $5 {White
threatens 18.Rxb6 and Bc4+.} Kh8 18. Ra1 Qg8 $1 {The quen finds a safe haven.}
19. Ba5 $5 {Great complications start.} fxe4 $1 20. Bxb6 exf3 21. Bxf3 Bxh3 $1
22. Rxa7 ({Avoids} 22. gxh3 $2 Rxf3) 22... Bxg2 $1 23. Kxg2 $1 ({Evades} 23.
Bxg2 $2 Rxa7 24. Bxa7 Qa2 $1 25. Bb6 Qxf2+ {(Lékó).}) 23... Qb3 24. Qd1 Qxb6
25. Rxb7 Qf6 26. Rexe7 Ra1 $1 27. Rxg7 $1 {White forces a draw.} ({Not} 27. Qe2
$2 {due to} Qh4) 27... Rxd1 28. Rxh7+ Kg8 29. Bd5+ Rf7 30. Rbxf7 Qg5+ 31. Kh3
Qxd5 ({Or} 31... Rd3+ 32. f3 Qxd5 33. Rhg7+) 32. Rhg7+ 1/2-1/2

[Event "Linares"]
[Site "17"]
[Date "2000.??.??"]
[Round "6"]
[White "Kramnik, Vladimir"]
[Black "Khalifman, Alexander"]
[Result "1/2-1/2"]
[WhiteElo "2755"]
[BlackElo "2655"]
[Annotator "JvR"]
[PlyCount "97"]
[EventDate "2000.??.??"]

1. Nf3 Nf6 2. c4 e6 3. d4 d5 4. Nc3 Be7 5. Bg5 h6 6. Bh4 O-O 7. e3 b6 8. Be2
Bb7 9. Bxf6 Bxf6 10. cxd5 exd5 11. O-O c5 12. dxc5 Bxc3 13. bxc3 bxc5 14. Rb1
Qc7 15. Ne5 Nd7 $5 16. Nxd7 Qxd7 17. Qb3 Bc6 18. Qa3 Qe7 19. Bf3 $1 {The
target becomes pawn d5.} Rfd8 20. Rfd1 Rac8 21. h3 Kf8 22. Rd2 d4 $1 {Black
gets rid of his weakness.} 23. Bxc6 Rxc6 24. cxd4 cxd4 25. Qxe7+ Kxe7 26. Rb7+
Kf8 27. exd4 Rc4 28. Re2 ({After} 28. d5 Rc5 29. d6 Rc6 30. d7 a6 $1 {and ..
Ke7 the d-pawn will fall eventually (Donev).}) 28... Rcxd4 29. Rxa7 Rd1+ 30.
Kh2 R1d2 31. Rxd2 Rxd2 32. Kg3 g5 33. Kf3 Kg7 34. Ke3 Rb2 35. g4 Kg6 36. Ra6+
f6 37. f4 gxf4+ 38. Kxf4 h5 39. a3 hxg4 40. hxg4 Rf2+ 41. Ke3 Ra2 42. Ra5 Ra1
43. a4 Re1+ 44. Kf3 Rf1+ 45. Kg3 Rg1+ 46. Kh3 Rh1+ 47. Kg2 Ra1 48. Kf2 Ra3 49.
Kg2 1/2-1/2

[Event "Linares"]
[Site "17"]
[Date "2000.??.??"]
[Round "6"]
[White "Shirov, Alexei"]
[Black "Kasparov, Gary"]
[Result "1/2-1/2"]
[WhiteElo "2750"]
[BlackElo "2850"]
[Annotator "JvR"]
[PlyCount "72"]
[EventDate "2000.??.??"]

1. e4 c5 2. Nf3 d6 3. d4 cxd4 4. Nxd4 Nf6 5. Nc3 a6 6. Be3 Ng4 7. Bc1 Nf6 8. f3
Qb6 9. Nb3 e6 10. Qe2 Nc6 11. Be3 Qc7 12. O-O-O b5 13. g4 Ne5 $6 14. g5 Nfd7
15. f4 Nc4 16. Bd4 Ndb6 {Kasparov has lost time by a provocative move.} 17. h4
$6 ({The momentum keeps} 17. f5 $1 Ne5 18. Qf2) 17... Bb7 18. h5 e5 19. Nd5
Bxd5 20. exd5 Be7 21. Bxb6 Qxb6 22. Rh3 O-O 23. Qe4 Qf2 24. Rf3 Qh4 25. Bd3 g6
26. Rg1 exf4 27. hxg6 hxg6 28. Bxc4 bxc4 29. Qxc4 Bxg5 30. Nd4 Rae8 31. Qf1 Re3
32. Rh1 Qg4 33. Rg1 Qh4 34. Rh1 Qg4 35. Rg1 Qh5 36. Rh1 Qg4 1/2-1/2

[Event "Linares"]
[Site "17"]
[Date "2000.??.??"]
[Round "7"]
[White "Anand, Viswanathan"]
[Black "Kramnik, Vladimir"]
[Result "1/2-1/2"]
[WhiteElo "2765"]
[BlackElo "2755"]
[Annotator "JvR"]
[PlyCount "49"]
[EventDate "2000.??.??"]

1. e4 e5 2. Nf3 Nf6 3. Nxe5 d6 4. Nf3 Nxe4 5. d4 d5 6. Bd3 Nc6 7. O-O Be7 8. c4
Nb4 9. cxd5 Nxd3 10. Qxd3 Qxd5 11. Re1 Bf5 12. Ne5 g6 13. f3 $1 Nf6 14. Qe3
O-O-O $1 15. Nc3 Qxd4 16. Qxd4 ({No advantage brings} 16. Nxf7 Bc5 17. Qxd4
Bxd4+ 18. Be3 Bxe3+ 19. Rxe3 Rhe8) 16... Rxd4 17. Be3 Rb4 18. b3 Be6 $5 {
Kramnik finds a drastic solution to his positional problem.} ({The variation} 
18... Re8 19. Nxf7 Be6 20. Ng5 Bf5 21. Bf2 a5 {does not liberate the rook.})
19. Bf2 $1 Bd6 20. Nd3 Rd8 21. Nxb4 Bxb4 22. Rec1 Bxc3 23. Rxc3 Nd5 24. Rd3 b6
25. Rad1 {White cannot take the centre.} 1/2-1/2

[Event "Linares"]
[Site "17"]
[Date "2000.??.??"]
[Round "7"]
[White "Kasparov, Gary"]
[Black "Khalifman, Alexander"]
[Result "1/2-1/2"]
[WhiteElo "2850"]
[BlackElo "2655"]
[Annotator "JvR"]
[PlyCount "110"]
[EventDate "2000.??.??"]

1. e4 e6 2. d4 d5 3. Nc3 Bb4 4. e5 c5 5. a3 Ba5 6. Bd2 Nc6 7. Qg4 $5 {Kasparov
brings a novelty in the style of Alekhine.} Kf8 8. dxc5 $1 Nxe5 9. Qg3 Ng6 10.
O-O-O ({Later} 10. Bd3 $1 {will be played.}) 10... Nf6 11. f3 Bd7 12. Nge2 Bc7
13. Qf2 b6 $1 14. Be3 Ne7 $6 ({More appropriate is} 14... Kg8 15. g4 bxc5 16.
Bxc5 Bb6) 15. g4 bxc5 16. Bxc5 Bb6 17. h4 Bxc5 18. Qxc5 Qb6 19. Qxb6 axb6 {
White has the better endgame.} 20. Bh3 Ne8 21. f4 h5 {Black builds a fortress.}
22. g5 g6 23. Nd4 Kg7 24. Nf3 Nc7 25. Ne5 Rhd8 26. Ne2 $1 Nc6 27. Nd4 Nxd4 28.
Rxd4 Be8 {A double blockade in the centre causes black passivity.} 29. Rhd1
Rdc8 30. Bf1 Kf8 31. Rb4 b5 32. Rbd4 Na6 33. Bd3 Nc5 34. Kd2 Nb7 $1 35. Ra1 Ra7
36. Re1 Nd6 37. c3 Nc4+ 38. Kc1 Na5 39. Bc2 Nc6 40. Nxc6 Bxc6 41. Kd2 Bd7 42.
Rb4 Rca8 43. Bd3 Ra5 44. Re3 Bc6 45. Rd4 Bd7 46. Rb4 Bc6 47. Bc2 Bd7 48. Bb3
Bc6 49. Rd4 R5a7 50. Bc2 Bd7 51. Bd1 Bc6 52. Bf3 Ra4 53. Bd1 R4a7 54. Bb3 Ra5
55. Re5 Rd8 {White makes no progress.} 1/2-1/2

[Event "Linares"]
[Site "17"]
[Date "2000.??.??"]
[Round "7"]
[White "Lékó, Péter"]
[Black "Shirov, Alexei"]
[Result "1/2-1/2"]
[WhiteElo "2725"]
[BlackElo "2750"]
[Annotator "JvR"]
[PlyCount "112"]
[EventDate "2000.??.??"]

1. c4 e5 2. g3 Nf6 3. Bg2 Nc6 4. Nc3 g6 5. e3 Bg7 6. Nge2 h5 7. h3 d6 8. d4 Bd7
9. d5 Na5 $5 10. Qd3 O-O 11. e4 ({The trick} 11. b4 $2 e4 {is well-known.})
11... c5 12. dxc6 Nxc6 13. Bg5 $1 ({Little wins} 13. Qxd6 Nd4 14. Nxd4 exd4 15.
Nd5 (15. Qxd4 $2 Nxe4 $1) 15... Re8 16. Nxf6+ Bxf6 {(Ftacnik).}) 13... Be6 14.
Nd5 Qa5+ 15. Bd2 Qa6 16. Nxf6+ ({Lékó lets the opportunity} 16. Nc7 $1 Qxc4 17.
Qxc4 Bxc4 18. Nxa8 Rxa8 19. b3 {slip away.}) 16... Bxf6 17. b3 h4 18. O-O ({
Avoids} 18. Qxd6 $2 Rad8 $1 19. Qc5 Be7 20. Qb5 Qxb5 21. cxb5 Nb4 $1) 18...
hxg3 19. fxg3 Bg7 20. g4 $5 Rab8 21. a4 Na5 22. Rf2 Qb6 23. Rb1 a6 24. Ng3 f6
$5 25. Bf3 Nc6 26. Kg2 Qd4 27. Qf1 b5 28. cxb5 axb5 29. axb5 Nb4 30. Bxb4 Qxb4
31. h4 Qxb5 {White's advantage has vanished.} 32. Qh1 Bh6 33. h5 $1 Qe8 34. b4
Be3 35. Rc2 g5 $2 {Shirov blunders in time trouble.} ({Correct is} 35... Rb7)
36. Qd1 Qa4 37. Be2 Bd4 38. Bc4 $1 Bxc4 39. Rxc4 Qxd1 40. Rxd1 Ra8 41. Nf5 $5
Ra2+ 42. Kh1 $1 Re2 {A critical position has arrived.} 43. Rdc1 $2 ({White
wins by} 43. Nxd6 $1 Rd8 44. Rdc1 {(Lékó). The pointe is} Rxd6 45. Rc8+ Kf7 46.
R1c7+ Ke6 47. Re8#) 43... Rxe4 44. Rc8 Rxc8 45. Rxc8+ Kh7 46. Rc7+ Kh8 47. Rc8+
Kh7 48. Rc7+ Kh8 49. Nxd6 ({Lékó has prepared} 49. Ne7 {but} Re1+ (49... Rxg4
$2 50. Ng6+ Kg8 51. h6 Rh4+ 52. Nxh4 gxh4 53. b5) 50. Kg2 Re2+ 51. Kf1 Rh2 {
draws.}) 49... Rf4 $3 {Shirov organizes a perpetual check mechanism.} 50. Rd7
Bb6 51. Nc8 Be3 $1 52. Ne7 Rf1+ 53. Kg2 Rf2+ 54. Kg3 e4 55. Ng6+ Kg8 56. h6
Rf3+ 1/2-1/2

[Event "Linares"]
[Site "17"]
[Date "2000.??.??"]
[Round "8"]
[White "Khalifman, Alexander"]
[Black "Lékó, Péter"]
[Result "1-0"]
[WhiteElo "2655"]
[BlackElo "2725"]
[Annotator "JvR"]
[PlyCount "93"]
[EventDate "2000.??.??"]

1. d4 Nf6 2. Nf3 g6 3. c4 Bg7 4. Nc3 d5 5. cxd5 Nxd5 6. e4 Nxc3 7. bxc3 c5 8.
Rb1 O-O 9. Be2 cxd4 10. cxd4 Qa5+ 11. Bd2 Qxa2 12. O-O Bg4 13. Bg5 h6 14. Be3
Nc6 15. d5 Ne5 16. Rxb7 e6 17. d6 Rfd8 18. Re1 Bxf3 19. gxf3 Qa5 20. Rf1 Bf8
21. d7 Qa2 22. Bb5 a6 23. Ba4 Nxf3+ 24. Kg2 Ne5 $5 ({Lékó diverts from} 24...
Nh4+ 25. Kh3 $1 Qc4 26. f3 {in Haba-Skyte, Capelle la Grande 2000.}) 25. Bb6 {
The position looks horrble for Black.} Qc4 ({Khalifman prefers} 25... Bg7 26.
Bxd8 Rxd8 27. Rc7 Bf6 28. Rc8 Ng4 $2 {but} 29. Bb3 $1 {ends the game.}) 26. Qd4
$1 {Khalifman's opening preparation has outwitted an expert.} Qxd4 ({Khalifman
analyses} 26... Qe2 27. Qxe5 Qg4+ 28. Qg3 Qxe4+ 29. Qf3 Qxa4 30. Rc1 $18) 27.
Bxd4 Nd3 28. Bc6 Nc5 29. Rc7 $1 Bd6 30. Bxc5 $1 Bxc7 31. Bxa8 Rxa8 32. Be7 $1 {
The point of white's combination. Black will lose matter.} Rd8 33. Rd1 f5 34.
Bxd8 Bxd8 35. exf5 gxf5 36. Rd6 Kf7 37. Rxa6 Ke7 38. Kg3 Bc7+ 39. Kh4 Kxd7 40.
Ra7 $1 Kc6 41. Rxc7+ Kxc7 42. Kh5 e5 43. Kxh6 Kd6 44. Kg5 Ke6 45. h4 f4 46. h5
f3 47. Kg4 {Lékó had defeated Khalifman with 4 1/2 - 1 1/2 in January 2000.
Alexander got a sportive revenge.} 1-0

[Event "Linares"]
[Site "17"]
[Date "2000.??.??"]
[Round "8"]
[White "Kramnik, Vladimir"]
[Black "Kasparov, Gary"]
[Result "1/2-1/2"]
[WhiteElo "2755"]
[BlackElo "2850"]
[Annotator "JvR"]
[PlyCount "82"]
[EventDate "2000.??.??"]

1. Nf3 Nf6 2. c4 c5 3. g3 d5 4. d4 $5 {Kramnik moves to little known
territories immediately.} dxc4 5. Qa4+ Bd7 6. Qxc4 Bc6 $5 7. dxc5 Bd5 $5 8.
Qa4+ Bc6 9. Qc4 Bd5 10. Qc2 e6 11. Bg2 Be4 12. Qc4 Bd5 13. Qh4 {Kramnik wants
to win!} Bxc5 14. Nc3 Bc6 15. O-O Be7 $6 (15... Nbd7 {develops naturally.}) 16.
Rd1 Qa5 17. Bd2 Nbd7 18. g4 $5 {An attack is staged.} h6 19. Qg3 Qa6 20. h4 Qc4
21. Bf4 Qb4 $6 ({Kramnik mentions} 21... g5 22. hxg5 hxg5 23. Be5) 22. a3 $1
Qxb2 23. Nd4 g5 $1 ({Avoids} 23... Bxg2 24. Rdb1 $1) 24. Nxc6 $1 (24. Rdb1 gxf4
25. Qh3 Bxg2 26. Kxg2 Qd2 27. Rd1 Qb2 {(Ftacnik)} 28. Rdb1 {draws.}) 24... gxf4
25. Qd3 bxc6 $1 ({Kasparov forbears the loss} 25... Nc5 $2 26. Qd4 Nb3 27. Qe5
Nxa1 28. Nxe7 Kxe7 29. Nd5+) 26. Bxc6 $1 O-O $1 27. Bxa8 Ne5 $5 28. Qd4 Rxa8
29. Qxe5 Rc8 30. Rac1 Nd5 $1 {The sacrifice of a knight forces a perpetual
check.} 31. Nxd5 Qxe5 32. Nxe7+ Kg7 (32... Kh7 33. Nxc8 Qxe2 {also draws.}) 33.
Rxc8 Qxe2 34. Rg8+ Kf6 35. Rd7 Qe1+ 36. Kg2 Qe4+ 37. Kh2 Qc2 $1 38. Kg2 ({Or} 
38. g5+ hxg5 39. hxg5+ Ke5 $11) 38... Qe4+ 39. Kh2 Qc2 40. g5+ hxg5 41. Rxg5
Qxf2+ 1/2-1/2

[Event "Linares"]
[Site "17"]
[Date "2000.??.??"]
[Round "9"]
[White "Anand, Viswanathan"]
[Black "Khalifman, Alexander"]
[Result "1-0"]
[WhiteElo "2765"]
[BlackElo "2655"]
[Annotator "JvR"]
[PlyCount "83"]
[EventDate "2000.??.??"]

1. e4 e6 2. d4 d5 3. Nc3 Bb4 4. e5 c5 5. a3 Ba5 6. b4 cxd4 7. Qg4 Ne7 8. bxa5
dxc3 9. Qxg7 Rg8 10. Qxh7 Nbc6 11. f4 Qxa5 12. Nf3 Bd7 13. Rb1 O-O-O 14. Qd3
Nf5 15. Rg1 d4 16. g4 $1 Nfe7 17. Rg3 Be8 18. h4 Nf5 19. Rg1 Ne3 $5 {White
threatens to advance the h-pawn. Therefore, Black has to start a counteraction.
} 20. Bxe3 dxe3 21. Qxe3 Ne7 $1 (21... Qxa3 22. Rb3 Qa1+ 23. Kf2 {(Psakhis)
leads to positional horror for Black.}) 22. Bc4 $1 Bc6 $2 {Khalifman gives up
another pawn.} ({The c-file is defended by} 22... Kb8 23. Rb3 Rc8 {(Ftacnik).})
23. Rb3 Kb8 24. Qxc3 Qc7 25. Be2 Nd5 26. Qc4 Qa5+ 27. Kf2 Ba4 28. Rb2 Rc8 29.
Qd4 Rc3 $5 (29... Rxc2 30. Rxc2 Bxc2 31. h5 {and White wins on the kingside 
(Psakhis).}) 30. Bd3 Rgc8 31. Rc1 Rd8 32. Rcb1 Bc6 33. Rb3 Rxb3 34. Rxb3 Nf6 $1
35. Qb4 Nxg4+ ({In the variation} 35... Qd5 36. Be2 $1 Nxg4+ 37. Ke1 Rh8 38.
Nd4 $1 {White takes over the attack.}) 36. Kg3 Qd5 $1 37. Bh7 $1 Qd1 38. Kxg4
Rd2 39. Kg5 Bxf3 40. Bd3 Rg2+ 41. Kf6 a6 42. Rb1 (42. Rb1 Qd2 43. Qxd2 Rxd2 44.
Kxf7 {White's king shows its strength.}) 1-0

[Event "Linares"]
[Site "17"]
[Date "2000.??.??"]
[Round "9"]
[White "Lékó, Péter"]
[Black "Kasparov, Gary"]
[Result "1/2-1/2"]
[WhiteElo "2725"]
[BlackElo "2850"]
[Annotator "JvR"]
[PlyCount "74"]
[EventDate "2000.??.??"]

1. e4 c5 2. Nf3 d6 3. d4 cxd4 4. Nxd4 Nf6 5. Nc3 a6 6. Be3 Ng4 7. Bg5 h6 8. Bh4
g5 9. Bg3 Bg7 10. h3 Ne5 11. f3 Nbc6 12. Bf2 Be6 13. Qd2 Qa5 14. Nb3 Bxb3 15.
cxb3 Nb4 16. a3 Ng6 17. Rd1 Nc6 18. Nd5 Qxd2+ 19. Rxd2 O-O 20. b4 b5 $2 {Even
Kasparov can make a blunder.} 21. Nc7 Rab8 22. Nxa6 Rb7 23. Rd5 $2 {Lékó
misses a unique chance.} ({An advantage gains} 23. Kd1 $1 Rc8 (23... Ra8 $5 24.
Bxb5 $1 Rxb5 25. Nc7 Rab8 26. Nxb5 Rxb5 27. Kc2 {(Lékó)}) 24. Rc2 Nge5 25. Kd2)
23... Na7 $1 24. Bxa7 Rxa7 25. Bxb5 Bxb2 26. O-O Bxa3 27. Rb1 Rc8 28. Bf1 Bc1
29. Rb3 Bf4 30. Rd1 e6 31. b5 Rb7 32. Nb4 h5 33. Kf2 h4 34. Ra3 Rc5 35. Be2 Ne5
36. Rb1 Kg7 37. Rab3 Bg3+ 1/2-1/2

[Event "Linares"]
[Site "17"]
[Date "2000.??.??"]
[Round "9"]
[White "Shirov, Alexei"]
[Black "Kramnik, Vladimir"]
[Result "1/2-1/2"]
[WhiteElo "2750"]
[BlackElo "2755"]
[Annotator "JvR"]
[PlyCount "65"]
[EventDate "2000.??.??"]

1. e4 c5 2. Nf3 Nc6 3. d4 cxd4 4. Nxd4 Nf6 5. Nc3 e5 6. Ndb5 d6 7. Bg5 a6 8.
Na3 b5 9. Bxf6 gxf6 10. Nd5 Bg7 11. Bd3 Ne7 12. Nxe7 Qxe7 13. O-O O-O 14. c4 f5
15. Qf3 Re8 16. Rfe1 b4 $1 17. Nc2 f4 $1 18. Be2 ({Great complications are
started by} 18. Nxb4 Rb8 19. Nc6 Qg5 20. Nxb8 Bg4 21. Qxg4 Qxg4 22. Nxa6 {
(Kramnik).}) 18... Rb8 19. b3 Kh8 20. Qh5 d5 $3 {The sixth rank is cleared for
the queen's rook.} 21. cxd5 Rb6 22. Rad1 a5 23. d6 $1 {Shirov decides to
return the extra pawn immediately.} Rxd6 24. Rxd6 Qxd6 25. Rd1 ({He does not
like the dangers of} 25. Qxf7 Rf8 {either and prefers the endgame.}) 25... Qg6
26. Qxg6 hxg6 27. Bc4 Be6 28. Bxe6 Rxe6 29. Rd5 Rc6 30. Ne1 Rc1 31. Kf1 f5 32.
f3 Bf6 $1 33. Kf2 ({White avoids the simple trick} 33. Rxa5 $4 Bh4) 1/2-1/2

[Event "Linares"]
[Site "17"]
[Date "2000.??.??"]
[Round "10"]
[White "Kasparov, Gary"]
[Black "Anand, Viswanathan"]
[Result "1/2-1/2"]
[WhiteElo "2850"]
[BlackElo "2765"]
[Annotator "JvR"]
[PlyCount "59"]
[EventDate "2000.??.??"]

1. e4 e5 2. Nf3 Nf6 3. Nxe5 d6 4. Nf3 Nxe4 5. d4 d5 6. Bd3 Nc6 7. O-O Be7 8. c4
Nb4 9. Be2 O-O 10. Nc3 b6 11. a3 Nxc3 12. bxc3 Nc6 13. cxd5 Qxd5 14. Re1 Bb7
15. Bd3 Rae8 16. c4 Qd8 17. d5 Nb8 18. Qc2 ({Kasparov played} 18. Ne5 {in a
rapid game.}) 18... g6 $1 19. Ne5 ({The point is} 19. Bh6 Bf6 $1) 19... Bf6 20.
Bb2 Nd7 21. f4 Bg7 22. Qf2 Nc5 23. Bc2 Qd6 24. Re3 f6 25. Ng4 Rxe3 26. Qxe3 Bc8
27. f5 $5 Bxf5 28. Bxf5 gxf5 29. Nf2 Ne4 30. Nxe4 1/2-1/2

[Event "Linares"]
[Site "18"]
[Date "2001.02.23"]
[Round "1"]
[White "Leko, Peter"]
[Black "Kasparov, Gary"]
[Result "1/2-1/2"]
[WhiteElo "2745"]
[BlackElo "2849"]
[Annotator "JvR"]
[PlyCount "109"]
[EventDate "2001.??.23"]

{The games from the winner Kasparov have been selected from this tournament. 
Jan van Reek} 1. e4 c5 2. Nf3 d6 3. d4 cxd4 4. Nxd4 Nf6 5. Nc3 a6 6. Bg5 e6 7.
f4 Qb6 8. Nb3 Be7 9. Qf3 Nbd7 10. O-O-O Qc7 11. Bd3 b5 12. a3 Rb8 13. Rhe1 b4
14. axb4 Rxb4 15. Kb1 Bb7 16. Qh3 Nc5 17. Nxc5 $5 dxc5 $6 {Kasparov seeks
complications.} 18. e5 Nd5 19. Nxd5 Bxd5 20. c3 Rb3 $5 21. Bc2 Qb7 $2 ({Better
is} 21... Rb8 22. Ba4+ Kf8 23. c4 $1 Qb6 $1 24. Qc3 Bc6 $1 25. Bxe7+ Kxe7 26.
Rd6 Rhc8 $1) 22. Bxb3 Qxb3 {Black has taken a great risk.} 23. Rxd5 $2 ({White
keeps the exchange by} 23. Bxe7 Qa2+ (23... Be4+ 24. Rd3 $1 Bg6 25. Kc1 $1) 24.
Kc1 Qa1+ 25. Kc2 Qa4+ {(Lékó).} 26. Kd3 Kxe7 27. Qh4+ Kd7 28. Ke2 $1) 23...
Qxd5 24. Bxe7 Kxe7 25. Qh4+ Kd7 26. Qg4 Kc6 $1 27. Qe2 Rd8 $1 28. Qxa6+ Kc7 29.
Qa7+ Kc6 30. Qa6+ Kc7 31. Qa5+ Kb7 32. Qb5+ Kc7 33. Qa5+ Kb7 34. Qb5+ Kc7 35.
Qe2 h5 36. g3 g6 37. c4 Qd2 38. Qe3 Rd4 39. Qxd2 Rxd2 40. Re3 Rxh2 41. Rf3 Kc6
42. Ka2 Rh3 43. Rb3 h4 44. gxh4 Rxh4 45. Rf3 Rh5 46. Rg3 Rh2 47. Rf3 Rc2 48.
Kb3 Rc1 49. Rf2 Kb6 50. Rf3 Ka5 51. Rf2 Re1 52. Ka3 Ra1+ 53. Kb3 Rc1 54. Rf3
Kb6 55. Rf2 1/2-1/2

[Event "Linares"]
[Site "18"]
[Date "2001.02.25"]
[Round "3"]
[White "Shirov, Alexei"]
[Black "Kasparov, Gary"]
[Result "1/2-1/2"]
[WhiteElo "2718"]
[BlackElo "2849"]
[Annotator "JvR"]
[PlyCount "95"]
[EventDate "2001.??.23"]

1. e4 c5 2. Nf3 d6 3. d4 cxd4 4. Nxd4 Nf6 5. Nc3 a6 6. Be2 e6 7. f4 Be7 8. Be3
O-O 9. g4 d5 10. e5 Ne4 11. Nxe4 dxe4 12. g5 Qb6 {Usually the queen goes to c7.
} 13. Nf5 Qa5+ 14. Bd2 Qc5 15. Nxe7+ Qxe7 16. c3 (16. c4 $1 b5 $1 17. cxb5 axb5
18. Be3 {shows more ambition.} (18. Bxb5 $2 e3 $1)) 16... b5 17. Be3 Rd8 18.
Qc2 Bb7 19. Kf2 Nd7 20. b4 Nf8 21. h4 Qc7 22. h5 Nd7 23. h6 g6 24. a4 Nb6 25.
axb5 axb5 26. Kg3 Nc4 27. Rxa8 Rxa8 28. Bxc4 $5 (28. Bd4 {does not lose a pawn.
}) 28... Qxc4 29. Rd1 Bd5 30. Rd4 Qf1 31. Qd1 Ra1 32. Qxf1 Rxf1 33. Kg4 Rf3 34.
Bg1 Rxc3 35. Rd2 Kf8 36. Bc5+ Ke8 37. Re2 Rc1 38. Kg3 Kd7 39. Kf2 Kc6 40. Be3
Rb1 41. Bc5 Rc1 42. Bd6 Rh1 43. Re3 Rh2+ 44. Kg3 Rc2 45. Bf8 Ra2 46. Bc5 Ra1
47. Kf2 Rc1 48. Bd6 1/2-1/2